[Event "European Youth Chess Championship G18"]
[Site "Prague, Top Hotel Prague"]
[Date "2012.08.21"]
[Round "5.1"]
[White "Imeeva, Aisa"]
[Black "Khlichkova, Tatiana"]
[Result "1/2-1/2"]
[WhiteElo "2095"]
[BlackElo "2123"]
[PlyCount "0"]
[EventDate "2012.08.17"]

1. e4 {[%clk 1:30:57]} d5 {[%clk 1:30:52]} 2. exd5 {[%clk 1:31:21]} Nf6
{[%clk 1:31:13]} 3. Nc3 {[%clk 1:31:38]} Nxd5 {[%clk 1:31:16]} 4. Nf3
{[%clk 1:31:58]} Nxc3 {[%clk 1:30:59]} 5. bxc3 {[%clk 1:32:21]} g6
{[%clk 1:28:33]} 6. d4 {[%clk 1:32:41]} Bg7 {[%clk 1:28:56]} 7. Bc4
{[%clk 1:33:03]} O-O {[%clk 1:29:04]} 8. O-O {[%clk 1:33:15]} Nd7
{[%clk 1:23:57]} 9. Ba3 {[%clk 1:33:04]} Nb6 {[%clk 1:24:05]} 10. Bd3
{[%clk 1:31:13]} Re8 {[%clk 1:24:13]} 11. Re1 {[%clk 1:30:44]} Nd5
{[%clk 1:18:23]} 12. Qd2 {[%clk 1:28:56]} c6 {[%clk 1:14:24]} 13. Rab1
{[%clk 1:27:43]} Qa5 {[%clk 1:13:44]} 14. Rb3 {[%clk 1:22:19]} Be6
{[%clk 1:10:36]} 15. c4 {[%clk 1:15:03]} Qxd2 16. Nxd2 {[%clk 1:15:29]} Nb6
{[%clk 0:57:47]} 17. c3 {[%clk 1:15:40]} Red8 {[%clk 0:54:34]} 18. Bxe7
{[%clk 1:14:13]} Re8 {[%clk 0:54:55]} 19. Bg5 {[%clk 1:10:34]} Bxc4
{[%clk 0:50:13]} 20. Rxe8+ {[%clk 1:10:48]} Rxe8 {[%clk 0:50:40]} 21. Nxc4
{[%clk 1:10:40]} Re1+ {[%clk 0:50:56]} 22. Bf1 {[%clk 1:11:00]} Nxc4
{[%clk 0:51:20]} 23. Rxb7 {[%clk 1:08:39]} h6 {[%clk 0:51:35]} 24. Bf4
{[%clk 1:02:11]} g5 {[%clk 0:51:01]} 25. Rb4 {[%clk 1:02:34]} Nb6
{[%clk 0:49:49]} 26. Bc7 {[%clk 0:57:25]} Bf8 {[%clk 0:42:11]} 27. Rb2
{[%clk 0:54:43]} Nc4 {[%clk 0:42:22]} 28. Re2 {[%clk 0:53:49]} Rd1
{[%clk 0:42:41]} 29. f3 {[%clk 0:48:27]} c5 {[%clk 0:25:45]} 30. Kf2
{[%clk 0:27:52]} cxd4 {[%clk 0:25:18]} 31. cxd4 {[%clk 0:28:08]} Rxd4
{[%clk 0:24:14]} 32. Re4 {[%clk 0:28:06]} Bc5 {[%clk 0:22:13]} 33. Rxd4
{[%clk 0:24:44]} Bxd4+ {[%clk 0:22:38]} 34. Kg3 {[%clk 0:24:58]} Ne3
{[%clk 0:16:24]} 35. Bd3 {[%clk 0:24:48]} Kg7 {[%clk 0:16:02]} 36. a4
{[%clk 0:16:12]} h5 {[%clk 0:13:43]} 37. f4 {[%clk 0:14:41]} Nd5 {[%clk 0:09:47]}
38. Be5+ {[%clk 0:14:48]} Bxe5 {[%clk 0:10:10]} 39. fxe5 {[%clk 0:15:13]} Nf4
{[%clk 0:10:21]} 40. Bc4 {[%clk 0:43:46]} Ng6 {[%clk 0:40:07]} 41. e6
{[%clk 0:42:42]} f5 {[%clk 0:40:30]} 42. Kf2 {[%clk 0:42:42]} Kf6
{[%clk 0:40:42]} 43. Ke3 {[%clk 0:42:46]} Nf4 {[%clk 0:40:21]} 44. g3
{[%clk 0:40:34]} Nxe6 {[%clk 0:40:08]} 45. h4 {[%clk 0:40:36]} gxh4
{[%clk 0:34:16]} 46. gxh4 {[%clk 0:41:03]} Ke5 {[%clk 0:32:37]} 47. Be2
{[%clk 0:40:49]} f4+ {[%clk 0:28:30]} 48. Kf2 {[%clk 0:41:17]} Nc5
{[%clk 0:28:41]} 49. Bxh5 {[%clk 0:40:26]} Nxa4 {[%clk 0:29:06]} 50. Be8
{[%clk 0:40:31]} Nc5 {[%clk 0:29:19]} 51. h5 {[%clk 0:40:00]} Ne4+
{[%clk 0:27:05]} 52. Kf3 {[%clk 0:35:08]} Nf6 {[%clk 0:26:27]} 53. h6
{[%clk 0:33:22]} Kf5 {[%clk 0:26:14]} 54. Ba4 {[%clk 0:33:24]} Kg5
{[%clk 0:25:34]} 55. Bc2 {[%clk 0:33:40]} Kxh6 {[%clk 0:25:52]} 1/2-1/2

[Event "European Youth Chess Championship G18"]
[Site "Prague, Top Hotel Prague"]
[Date "2012.08.21"]
[Round "5.2"]
[White "Gevorgyan, Maria"]
[Black "Iwanow, Anna"]
[Result "1-0"]
[WhiteElo "2069"]
[BlackElo "2205"]
[PlyCount "0"]
[EventDate "2012.08.17"]

1. d4 {[%clk 1:30:57]} Nf6 {[%clk 1:30:27]} 2. c4 {[%clk 1:31:14]} e6
{[%clk 1:30:47]} 3. Nc3 {[%clk 1:30:54]} Bb4 {[%clk 1:31:10]} 4. a3
{[%clk 1:30:40]} Bxc3+ {[%clk 1:31:24]} 5. bxc3 {[%clk 1:31:04]} d6
{[%clk 1:26:02]} 6. Qc2 {[%clk 1:28:17]} Nbd7 {[%clk 1:23:08]} 7. e4
{[%clk 1:26:21]} c5 {[%clk 1:21:37]} 8. Nf3 {[%clk 1:22:25]} Qc7 {[%clk 1:15:35]}
9. Be2 {[%clk 1:15:57]} b6 {[%clk 1:11:42]} 10. O-O {[%clk 1:01:41]} Ba6
{[%clk 0:59:49]} 11. Ra2 {[%clk 0:57:16]} O-O {[%clk 0:47:03]} 12. d5
{[%clk 0:49:25]} exd5 {[%clk 0:44:21]} 13. exd5 {[%clk 0:46:59]} Rfe8
{[%clk 0:42:30]} 14. Bd3 {[%clk 0:37:44]} Re7 {[%clk 0:37:33]} 15. h3
{[%clk 0:28:40]} Rae8 {[%clk 0:36:42]} 16. Bg5 {[%clk 0:27:38]} h6
{[%clk 0:35:34]} 17. Bh4 {[%clk 0:26:21]} g5 {[%clk 0:26:34]} 18. Nxg5
{[%clk 0:12:08]} hxg5 {[%clk 0:26:55]} 19. Bxg5 {[%clk 0:12:37]} Re5
{[%clk 0:17:37]} 20. f4 {[%clk 0:12:07]} Re3 {[%clk 0:17:33]} 21. Rf3
{[%clk 0:12:24]} Nxd5 {[%clk 0:12:51]} 22. Bh7+ {[%clk 0:12:41]} Kg7
{[%clk 0:12:13]} 23. Qf2 {[%clk 0:09:12]} Rh8 {[%clk 0:04:20]} 24. Qg3
{[%clk 0:01:37]} Rxh7 {[%clk 0:03:14]} 25. cxd5 {[%clk 0:01:22]} Rxf3
{[%clk 0:02:59]} 26. gxf3 {[%clk 0:01:44]} Kf8 {[%clk 0:02:06]} 27. Rg2
{[%clk 0:01:54]} Bd3 {[%clk 0:00:52]} 28. Bh4 {[%clk 0:01:36]} Bg6
{[%clk 0:00:34]} 29. f5 {[%clk 0:01:48]} Rxh4 {[%clk 0:00:31]} 30. Qxh4
{[%clk 0:01:05]} Bxf5 {[%clk 0:00:44]} 31. Qh8+ {[%clk 0:01:30]} Ke7
{[%clk 0:01:12]} 32. Re2+ {[%clk 0:01:54]} Ne5 {[%clk 0:01:04]} 33. f4
{[%clk 0:02:13]} c4 {[%clk 0:01:08]} 34. fxe5 {[%clk 0:02:08]} Qc5+
{[%clk 0:01:13]} 35. Kh2 {[%clk 0:02:25]} Bd3 {[%clk 0:01:01]} 36. exd6+
{[%clk 0:02:46]} Kd7 {[%clk 0:01:06]} 37. Qe8+ {[%clk 0:03:01]} 1-0

[Event "European Youth Chess Championship G18"]
[Site "Prague, Top Hotel Prague"]
[Date "2012.08.21"]
[Round "5.3"]
[White "Petrukhina, Irina"]
[Black "Wisniowska, Klaudia"]
[Result "0-1"]
[WhiteElo "2212"]
[BlackElo "2181"]
[PlyCount "0"]
[EventDate "2012.08.17"]

1. d4 {[%clk 1:30:57]} Nf6 {[%clk 1:30:55]} 2. c4 {[%clk 1:31:22]} c5
{[%clk 1:31:16]} 3. d5 {[%clk 1:31:33]} b5 {[%clk 1:31:40]} 4. cxb5
{[%clk 1:31:01]} a6 {[%clk 1:32:05]} 5. f3 {[%clk 1:31:01]} e6 {[%clk 1:32:06]}
6. e4 {[%clk 1:30:33]} exd5 {[%clk 1:32:25]} 7. e5 {[%clk 1:30:57]} Qe7
{[%clk 1:32:46]} 8. Qe2 {[%clk 1:29:50]} Ng8 {[%clk 1:33:09]} 9. Nc3
{[%clk 1:28:14]} Bb7 {[%clk 1:33:20]} 10. Nh3 {[%clk 1:28:24]} c4
{[%clk 1:33:04]} 11. Nf4 {[%clk 1:25:22]} Qc5 {[%clk 1:28:59]} 12. Nfxd5
{[%clk 1:25:21]} Bxd5 {[%clk 1:14:52]} 13. Be3 {[%clk 1:25:24]} Qb4
{[%clk 1:15:21]} 14. a3 {[%clk 1:24:20]} Qa5 {[%clk 1:15:33]} 15. Bd2
{[%clk 1:24:22]} Be6 {[%clk 0:37:38]} 16. Nd5 {[%clk 1:24:26]} Qd8
{[%clk 0:38:03]} 17. Qxc4 {[%clk 1:24:35]} Be7 {[%clk 0:37:08]} 18. Qe4
{[%clk 0:57:36]} Ra7 {[%clk 0:32:45]} 19. Be3 {[%clk 0:54:38]} axb5
{[%clk 0:29:12]} 20. Bxa7 {[%clk 0:40:45]} Qa5+ {[%clk 0:29:35]} 21. Kf2
{[%clk 0:37:15]} Qxa7+ {[%clk 0:29:35]} 22. Ne3 {[%clk 0:37:15]} f5
{[%clk 0:28:15]} 23. exf6 {[%clk 0:29:41]} Nxf6 {[%clk 0:28:23]} 24. Qd3
{[%clk 0:27:49]} O-O {[%clk 0:28:17]} 25. Ke1 {[%clk 0:24:36]} Bc5
{[%clk 0:26:23]} 26. Nc2 {[%clk 0:21:59]} Nc6 {[%clk 0:21:59]} 27. b4
{[%clk 0:20:32]} Bf2+ {[%clk 0:17:18]} 28. Kd2 {[%clk 0:20:11]} Nd5
{[%clk 0:12:29]} 29. Qxb5 {[%clk 0:20:01]} Be3+ {[%clk 0:12:19]} 0-1

[Event "European Youth Chess Championship G18"]
[Site "Prague, Top Hotel Prague"]
[Date "2012.08.21"]
[Round "5.4"]
[White "Severina, Maria"]
[Black "Rakhmangulova, Anastasiya"]
[Result "0-1"]
[WhiteElo "2147"]
[BlackElo "2234"]
[PlyCount "0"]
[EventDate "2012.08.17"]

1. d4 {[%clk 1:30:59]} c5 {[%clk 1:30:52]} 2. d5 {[%clk 1:31:06]} Nf6
{[%clk 1:31:16]} 3. Nc3 {[%clk 1:30:58]} d6 {[%clk 1:31:38]} 4. e4
{[%clk 1:31:02]} g6 {[%clk 1:32:03]} 5. Nf3 {[%clk 1:31:29]} Bg7 {[%clk 1:32:29]}
6. Be2 {[%clk 1:31:55]} O-O {[%clk 1:32:54]} 7. O-O {[%clk 1:32:21]} Bg4
{[%clk 1:33:22]} 8. h3 {[%clk 1:30:59]} Bxf3 {[%clk 1:33:46]} 9. Bxf3
{[%clk 1:31:25]} Na6 {[%clk 1:33:29]} 10. Bf4 {[%clk 1:29:48]} Nd7
{[%clk 1:30:19]} 11. Qd2 {[%clk 1:26:57]} Re8 {[%clk 1:26:46]} 12. Rfe1
{[%clk 1:18:30]} Nc7 {[%clk 1:25:04]} 13. a4 {[%clk 1:18:32]} b6 {[%clk 1:15:08]}
14. Rab1 {[%clk 1:13:37]} Rc8 {[%clk 0:38:04]} 15. Bg4 {[%clk 1:05:56]} a6
{[%clk 0:36:39]} 16. h4 {[%clk 0:43:55]} Rb8 {[%clk 0:28:49]} 17. h5
{[%clk 0:38:24]} b5 {[%clk 0:24:46]} 18. hxg6 {[%clk 0:35:35]} hxg6
{[%clk 0:23:29]} 19. axb5 {[%clk 0:23:36]} axb5 {[%clk 0:23:53]} 20. b4
{[%clk 0:23:44]} cxb4 {[%clk 0:16:06]} 21. Rxb4 {[%clk 0:21:33]} Nc5
{[%clk 0:16:08]} 22. Be3 {[%clk 0:14:32]} N5a6 {[%clk 0:15:01]} 23. Rbb1
{[%clk 0:14:51]} b4 {[%clk 0:15:12]} 24. Na2 {[%clk 0:10:58]} Nb5
{[%clk 0:15:29]} 25. Qe2 {[%clk 0:07:13]} Nc5 {[%clk 0:09:02]} 26. e5
{[%clk 0:02:22]} Qa5 {[%clk 0:08:07]} 27. Bxc5 {[%clk 0:01:42]} dxc5
{[%clk 0:08:09]} 28. Bd7 {[%clk 0:01:27]} Nd4 {[%clk 0:06:19]} 29. Qc4
{[%clk 0:01:56]} Red8 {[%clk 0:06:39]} 30. e6 {[%clk 0:01:39]} b3
{[%clk 0:03:45]} 31. cxb3 {[%clk 0:00:37]} Qxa2 {[%clk 0:04:05]} 32. exf7+
{[%clk 0:00:46]} Kf8 {[%clk 0:04:11]} 33. Be8 {[%clk 0:00:36]} Qc2
{[%clk 0:03:21]} 34. Qa6 {[%clk 0:00:37]} Bf6 {[%clk 0:01:51]} 35. Rbc1
{[%clk 0:00:48]} Qxb3 {[%clk 0:01:10]} 36. Rxc5 {[%clk 0:00:52]} Qb6
{[%clk 0:01:01]} 37. Qd3 {[%clk 0:00:56]} Bg7 {[%clk 0:00:55]} 38. Rc4
{[%clk 0:00:35]} Rxd5 {[%clk 0:01:05]} 39. Qh3 {[%clk 0:00:33]} Rh5
{[%clk 0:01:04]} 40. Qe3 {[%clk 0:30:34]} Re5 {[%clk 0:31:05]} 41. Qd2
{[%clk 0:28:47]} Qe6 {[%clk 0:19:09]} 42. Rxe5 {[%clk 0:25:00]} Qxe5
{[%clk 0:19:33]} 43. f4 {[%clk 0:23:32]} Qd5 {[%clk 0:18:19]} 44. Qd3
{[%clk 0:21:39]} Nf3+ {[%clk 0:18:29]} 45. Qxf3 {[%clk 0:21:49]} Qxc4
{[%clk 0:18:55]} 46. Qg3 {[%clk 0:21:08]} Qc5+ {[%clk 0:18:12]} 0-1

[Event "European Youth Chess Championship G18"]
[Site "Prague, Top Hotel Prague"]
[Date "2012.08.21"]
[Round "5.5"]
[White "Sviridova, Vlada"]
[Black "Grigoryeva, Olga A"]
[Result "1/2-1/2"]
[WhiteElo "2132"]
[BlackElo "2190"]
[PlyCount "0"]
[EventDate "2012.08.17"]

1. d4 {[%clk 1:30:59]} Nf6 {[%clk 1:30:56]} 2. c4 {[%clk 1:31:25]} c5
{[%clk 1:31:23]} 3. Nf3 {[%clk 1:31:27]} cxd4 {[%clk 1:30:26]} 4. Nxd4
{[%clk 1:31:52]} e6 {[%clk 1:29:58]} 5. g3 {[%clk 1:30:18]} a6 {[%clk 1:26:37]}
6. Bg2 {[%clk 1:29:38]} Qc7 {[%clk 1:26:56]} 7. Nd2 {[%clk 1:23:46]} Nc6
{[%clk 1:25:24]} 8. Nxc6 {[%clk 1:17:59]} bxc6 {[%clk 1:22:38]} 9. O-O
{[%clk 1:18:20]} Be7 {[%clk 1:16:23]} 10. b3 {[%clk 1:18:03]} d5 {[%clk 1:15:18]}
11. Bb2 {[%clk 1:15:46]} Bb7 {[%clk 1:13:13]} 12. Qc2 {[%clk 1:12:10]} O-O
{[%clk 1:09:01]} 13. Rac1 {[%clk 1:09:14]} c5 {[%clk 1:04:55]} 14. Bxf6
{[%clk 1:03:20]} gxf6 {[%clk 1:04:29]} 15. cxd5 exd5 {[%clk 1:03:01]} 16. Nf3
{[%clk 1:00:33]} Rac8 {[%clk 0:58:32]} 17. Nh4 {[%clk 0:49:28]} Qe5
{[%clk 0:47:40]} 18. Nf5 {[%clk 0:42:54]} Rfe8 {[%clk 0:43:45]} 19. f4
{[%clk 0:28:51]} Qc7 {[%clk 0:40:03]} 20. Qc3 {[%clk 0:18:39]} Qb6
{[%clk 0:31:47]} 21. Qf3 {[%clk 0:18:05]} Bf8 {[%clk 0:31:52]} 22. Qg4+
{[%clk 0:18:07]} Kh8 {[%clk 0:32:11]} 23. Qh5 {[%clk 0:17:16]} d4
{[%clk 0:25:54]} 24. Bxb7 {[%clk 0:12:06]} Qxb7 {[%clk 0:25:18]} 25. Rf2
{[%clk 0:09:46]} Rcd8 {[%clk 0:20:44]} 26. g4 {[%clk 0:08:22]} d3
{[%clk 0:17:08]} 27. e3 {[%clk 0:08:23]} Qd5 {[%clk 0:15:16]} 28. Qh3
{[%clk 0:08:01]} Re6 {[%clk 0:13:10]} 29. Rg2 {[%clk 0:07:12]} Qe4
{[%clk 0:12:23]} 30. Rd2 {[%clk 0:07:06]} a5 {[%clk 0:11:31]} 31. Rc4
{[%clk 0:07:21]} Qd5 {[%clk 0:11:50]} 32. Qg2 {[%clk 0:07:17]} Ree8
{[%clk 0:10:25]} 33. Qxd5 {[%clk 0:07:27]} Rxd5 {[%clk 0:10:50]} 34. Kf2
{[%clk 0:07:38]} Rb8 {[%clk 0:07:28]} 35. e4 {[%clk 0:07:31]} Rd7
{[%clk 0:07:55]} 36. Ke3 {[%clk 0:07:43]} Rbd8 {[%clk 0:08:11]} 37. h4
{[%clk 0:07:52]} h6 {[%clk 0:07:41]} 38. Kf3 {[%clk 0:07:53]} Ra8
{[%clk 0:05:20]} 39. Ke3 {[%clk 0:07:18]} Rad8 {[%clk 0:04:55]} 40. Kf3
{[%clk 0:36:46]} Ra8 {[%clk 0:34:58]} 41. Ne3 {[%clk 0:32:49]} a4
{[%clk 0:32:19]} 42. Nd5 {[%clk 0:31:15]} axb3 {[%clk 0:31:21]} 43. axb3
{[%clk 0:31:41]} Rb7 {[%clk 0:31:10]} 44. Rxd3 {[%clk 0:32:08]} Ra3
{[%clk 0:30:43]} 45. Rcc3 {[%clk 0:31:43]} Kg7 {[%clk 0:30:17]} 46. Ne3
{[%clk 0:31:57]} Rb8 {[%clk 0:28:18]} 47. Nf5+ {[%clk 0:29:55]} Kg8
{[%clk 0:26:14]} 48. e5 {[%clk 0:25:20]} Ra6 {[%clk 0:23:19]} 49. Re3
{[%clk 0:21:33]} Rab6 {[%clk 0:21:56]} 50. exf6 {[%clk 0:20:04]} Rxf6
{[%clk 0:22:14]} 51. Ne7+ {[%clk 0:20:19]} Bxe7 {[%clk 0:19:54]} 52. Rxe7
{[%clk 0:20:46]} Rfb6 {[%clk 0:19:57]} 53. Ree3 {[%clk 0:20:03]} Rb5
{[%clk 0:19:57]} 54. Red3 {[%clk 0:17:00]} Kg7 {[%clk 0:19:15]} 55. h5
{[%clk 0:15:27]} Re8 {[%clk 0:18:22]} 56. Kg3 {[%clk 0:14:14]} Re4
{[%clk 0:17:48]} 57. Re3 {[%clk 0:12:58]} Reb4 {[%clk 0:16:48]} 58. Re5
{[%clk 0:11:41]} Rxb3 {[%clk 0:15:03]} 59. Rexc5 {[%clk 0:12:08]} R5b4
{[%clk 0:14:50]} 60. Rxb3 {[%clk 0:12:06]} Rxb3+ {[%clk 0:15:15]} 61. Kh4
{[%clk 0:11:35]} Rb4 {[%clk 0:15:12]} 62. Rf5 {[%clk 0:11:42]} f6
{[%clk 0:14:29]} 63. Kg3 {[%clk 0:11:34]} Rb3+ {[%clk 0:14:48]} 64. Kf2
{[%clk 0:12:00]} Rb2+ {[%clk 0:15:03]} 65. Ke3 {[%clk 0:12:22]} Rb3+
{[%clk 0:14:46]} 66. Ke4 {[%clk 0:12:41]} Rb4+ {[%clk 0:13:44]} 67. Kd5
{[%clk 0:13:08]} Rb1 {[%clk 0:11:21]} 68. Kd6 {[%clk 0:11:57]} Rb4
{[%clk 0:11:10]} 69. Kc5 {[%clk 0:12:08]} Ra4 {[%clk 0:11:23]} 70. Kd5
{[%clk 0:10:38]} Ra5+ {[%clk 0:10:44]} 71. Kd6 {[%clk 0:10:15]} Ra6+
{[%clk 0:10:47]} 72. Kc5 {[%clk 0:10:27]} Ra4 {[%clk 0:11:07]} 73. Kc6
{[%clk 0:10:41]} Rd4 {[%clk 0:10:25]} 74. Kc5 {[%clk 0:09:23]} Ra4 1/2-1/2

[Event "European Youth Chess Championship G18"]
[Site "Prague, Top Hotel Prague"]
[Date "2012.08.21"]
[Round "5.6"]
[White "Lach, Aleksandra"]
[Black "Perera Borrego, Mariela"]
[Result "1/2-1/2"]
[WhiteElo "2157"]
[BlackElo "2066"]
[PlyCount "0"]
[EventDate "2012.08.17"]

1. e4 {[%clk 1:30:48]} d6 {[%clk 1:30:49]} 2. f4 {[%clk 1:30:39]} e5
{[%clk 1:30:43]} 3. d4 {[%clk 1:30:29]} exd4 {[%clk 1:28:18]} 4. Qxd4
{[%clk 1:30:20]} Nf6 {[%clk 1:27:03]} 5. Nc3 {[%clk 1:26:59]} Nc6
{[%clk 1:24:22]} 6. Qe3 {[%clk 1:26:15]} Be7 {[%clk 1:20:08]} 7. Bd2
{[%clk 1:16:09]} O-O {[%clk 1:16:58]} 8. O-O-O {[%clk 1:07:45]} a6
{[%clk 1:10:59]} 9. Nf3 {[%clk 1:02:58]} b5 {[%clk 1:09:48]} 10. h3
{[%clk 0:58:50]} Re8 {[%clk 0:58:57]} 11. g4 {[%clk 0:39:20]} b4 {[%clk 0:53:03]}
12. Nd5 {[%clk 0:38:11]} Bf8 {[%clk 0:30:00]} 13. Nxf6+ {[%clk 0:32:50]} Qxf6
{[%clk 0:30:20]} 14. Bg2 {[%clk 0:30:52]} Na5 {[%clk 0:25:05]} 15. Qd3
{[%clk 0:30:02]} Bb7 {[%clk 0:24:04]} 16. Rhe1 {[%clk 0:26:56]} c5
{[%clk 0:22:21]} 17. f5 {[%clk 0:21:58]} Qd8 {[%clk 0:12:56]} 18. Bg5
{[%clk 0:15:49]} Qd7 {[%clk 0:12:27]} 19. Nd2 {[%clk 0:14:36]} Rac8
{[%clk 0:09:23]} 20. Nc4 {[%clk 0:14:03]} Nxc4 {[%clk 0:09:32]} 21. Qxc4
{[%clk 0:14:32]} Qb5 {[%clk 0:08:48]} 22. Qxb5 axb5 {[%clk 0:09:17]} 23. Bf4
{[%clk 0:11:45]} Red8 {[%clk 0:07:25]} 24. g5 {[%clk 0:11:19]} Ra8
{[%clk 0:07:36]} 25. Bf1 {[%clk 0:05:19]} Bc6 {[%clk 0:05:02]} 26. Kb1
{[%clk 0:03:33]} Ra6 {[%clk 0:03:51]} 27. c4 {[%clk 0:02:25]} bxc3
{[%clk 0:03:22]} 28. bxc3 {[%clk 0:02:54]} Ra4 {[%clk 0:02:45]} 29. Bg2
{[%clk 0:02:28]} f6 {[%clk 0:02:05]} 30. gxf6 {[%clk 0:02:18]} gxf6
{[%clk 0:02:28]} 31. Bf3 {[%clk 0:02:26]} Kf7 {[%clk 0:02:36]} 32. Rd2
{[%clk 0:01:39]} Ke7 {[%clk 0:01:21]} 33. Red1 {[%clk 0:01:03]} Bxe4+
{[%clk 0:01:11]} 34. Bxe4 {[%clk 0:01:32]} Rxe4 {[%clk 0:01:40]} 35. Bxd6+
{[%clk 0:01:56]} Kf7 {[%clk 0:01:41]} 36. Bxf8 {[%clk 0:01:36]} Rxf8
{[%clk 0:01:13]} 37. Rg1 {[%clk 0:01:32]} Rfe8 {[%clk 0:00:55]} 38. Kc2
{[%clk 0:01:33]} Re2 {[%clk 0:01:02]} 39. Rb1 {[%clk 0:01:10]} Rxd2+ 40. Kxd2
{[%clk 0:31:40]} Ra8 {[%clk 0:30:34]} 41. Rxb5 {[%clk 0:24:00]} Rxa2+
{[%clk 0:30:46]} 42. Kd3 {[%clk 0:24:10]} Rh2 {[%clk 0:29:56]} 43. Rxc5
{[%clk 0:22:16]} Rxh3+ {[%clk 0:30:24]} 44. Kd4 {[%clk 0:22:26]} Ke7
{[%clk 0:28:26]} 45. Ra5 {[%clk 0:19:29]} h5 {[%clk 0:27:31]} 46. c4
{[%clk 0:18:00]} Rf3 {[%clk 0:20:32]} 47. Ra7+ {[%clk 0:15:37]} Ke8
{[%clk 0:16:19]} 48. Ke4 {[%clk 0:15:32]} Rf1 {[%clk 0:15:17]} 49. Rh7
{[%clk 0:14:26]} Re1+ {[%clk 0:14:00]} 50. Kd4 {[%clk 0:14:15]} Re5
{[%clk 0:12:35]} 51. Rxh5 {[%clk 0:11:09]} Kd7 {[%clk 0:12:50]} 52. Rh7+
{[%clk 0:09:05]} Kd6 {[%clk 0:10:00]} 53. Ra7 {[%clk 0:08:06]} Rxf5
{[%clk 0:10:12]} 54. Ra6+ {[%clk 0:07:42]} Kd7 {[%clk 0:10:00]} 55. c5
{[%clk 0:07:42]} Rf1 {[%clk 0:10:12]} 56. Kd5 {[%clk 0:06:50]} 1/2-1/2

[Event "European Youth Chess Championship G18"]
[Site "Prague, Top Hotel Prague"]
[Date "2012.08.21"]
[Round "5.7"]
[White "Goryachkina, Aleksandra"]
[Black "Tran, My Linh"]
[Result "1-0"]
[WhiteElo "2361"]
[BlackElo "2031"]
[PlyCount "0"]
[EventDate "2012.08.17"]

1. d4 {[%clk 1:30:56]} Nf6 {[%clk 1:30:56]} 2. c4 {[%clk 1:31:20]} c5
{[%clk 1:31:23]} 3. d5 {[%clk 1:31:45]} b5 {[%clk 1:31:50]} 4. cxb5
{[%clk 1:32:08]} a6 {[%clk 1:32:16]} 5. bxa6 {[%clk 1:32:33]} g6 {[%clk 1:32:43]}
6. Nc3 {[%clk 1:32:30]} Bxa6 {[%clk 1:33:09]} 7. Nf3 {[%clk 1:32:43]} d6
{[%clk 1:32:50]} 8. g3 {[%clk 1:32:21]} Bg7 {[%clk 1:33:14]} 9. Bg2
{[%clk 1:32:30]} Nbd7 {[%clk 1:33:30]} 10. Rb1 {[%clk 1:32:32]} Nb6
{[%clk 1:33:05]} 11. b3 {[%clk 1:29:38]} Bb7 {[%clk 1:22:37]} 12. Nh4
{[%clk 1:28:18]} O-O {[%clk 1:13:06]} 13. O-O {[%clk 1:23:55]} Ne8
{[%clk 0:49:20]} 14. Bb2 {[%clk 1:19:16]} Nc7 {[%clk 0:49:13]} 15. e4
{[%clk 1:17:38]} Na6 {[%clk 0:37:33]} 16. a3 {[%clk 1:09:52]} Nb8
{[%clk 0:28:13]} 17. Qc2 {[%clk 1:04:44]} Ba6 {[%clk 0:28:13]} 18. Rfd1
{[%clk 1:03:19]} N8d7 {[%clk 0:28:27]} 19. Nf3 {[%clk 1:00:06]} Qc7
{[%clk 0:28:30]} 20. a4 {[%clk 0:46:26]} Ne5 {[%clk 0:23:53]} 21. Nxe5
{[%clk 0:41:15]} Bxe5 {[%clk 0:24:18]} 22. f4 {[%clk 0:36:55]} Bg7
{[%clk 0:22:29]} 23. Kh1 {[%clk 0:36:15]} Ra7 {[%clk 0:10:43]} 24. Rdc1
{[%clk 0:34:19]} Rb8 {[%clk 0:09:18]} 25. Na2 {[%clk 0:26:58]} Bxb2
{[%clk 0:05:44]} 26. Rxb2 {[%clk 0:27:14]} Qd8 {[%clk 0:02:43]} 27. Rd1
{[%clk 0:23:58]} Rab7 {[%clk 0:02:22]} 28. Rbb1 {[%clk 0:23:22]} Nd7
{[%clk 0:01:28]} 29. Qc3 {[%clk 0:20:36]} Rc7 {[%clk 0:01:18]} 30. e5
{[%clk 0:19:01]} Nb6 {[%clk 0:01:21]} 31. exd6 {[%clk 0:15:30]} exd6
{[%clk 0:01:26]} 32. Qa1 {[%clk 0:15:18]} Re7 {[%clk 0:00:58]} 33. Nc3
{[%clk 0:15:29]} Re3 {[%clk 0:00:57]} 34. Ne4 {[%clk 0:15:02]} Nd7
{[%clk 0:00:59]} 35. Re1 {[%clk 0:10:09]} Rbxb3 {[%clk 0:00:40]} 36. Rxb3
{[%clk 0:09:01]} Rxb3 {[%clk 0:01:09]} 37. Bh3 {[%clk 0:09:30]} f5
{[%clk 0:01:17]} 38. Nxd6 {[%clk 0:03:49]} Nf6 {[%clk 0:01:47]} 39. Re6
{[%clk 0:03:58]} Rb6 {[%clk 0:01:38]} 40. Qxf6 {[%clk 0:33:51]} Qxf6
{[%clk 0:32:07]} 41. Rxf6 {[%clk 0:34:12]} Rb1+ {[%clk 0:32:30]} 42. Kg2
{[%clk 0:34:38]} Bf1+ {[%clk 0:32:48]} 43. Kf2 {[%clk 0:35:02]} Bxh3
{[%clk 0:33:13]} 44. Nb5 {[%clk 0:31:29]} Rb2+ {[%clk 0:24:42]} 45. Ke3
{[%clk 0:23:28]} Bg2 {[%clk 0:24:40]} 46. Rd6 {[%clk 0:21:44]} Rb3+
{[%clk 0:23:00]} 47. Kd2 {[%clk 0:20:29]} Be4 {[%clk 0:22:59]} 48. Rd8+
{[%clk 0:18:16]} Kf7 {[%clk 0:19:31]} 49. Rd7+ {[%clk 0:18:31]} Kf6
{[%clk 0:19:22]} 50. Nc7 {[%clk 0:17:13]} Rb8 {[%clk 0:14:25]} 51. a5
{[%clk 0:17:19]} g5 {[%clk 0:09:49]} 52. a6 {[%clk 0:17:33]} 1-0

[Event "European Youth Chess Championship G18"]
[Site "Prague, Top Hotel Prague"]
[Date "2012.08.21"]
[Round "5.8"]
[White "Azimova, Karina"]
[Black "Aranaz Murillo, Amalia"]
[Result "0-1"]
[WhiteElo "2050"]
[BlackElo "2237"]
[PlyCount "0"]
[EventDate "2012.08.17"]

1. e4 {[%clk 1:30:58]} c6 {[%clk 1:30:54]} 2. d4 {[%clk 1:31:23]} d5
{[%clk 1:31:19]} 3. exd5 {[%clk 1:31:50]} cxd5 {[%clk 1:31:41]} 4. c4
{[%clk 1:32:11]} Nf6 {[%clk 1:32:02]} 5. Nc3 {[%clk 1:32:37]} Nc6
{[%clk 1:32:12]} 6. Bg5 {[%clk 1:28:42]} dxc4 {[%clk 1:32:34]} 7. d5
{[%clk 1:27:57]} Ne5 {[%clk 1:32:55]} 8. Qd4 {[%clk 1:27:17]} h6 {[%clk 1:31:49]}
9. Qxe5 {[%clk 1:26:59]} hxg5 {[%clk 1:32:11]} 10. Bxc4 {[%clk 1:25:16]} Bd7
{[%clk 1:31:05]} 11. Nf3 {[%clk 1:20:01]} g4 {[%clk 1:29:20]} 12. Nd4
{[%clk 1:15:27]} Rh5 {[%clk 1:29:27]} 13. Qe2 {[%clk 1:10:46]} Qc7
{[%clk 1:25:13]} 14. d6 {[%clk 1:05:14]} Qxd6 {[%clk 1:21:36]} 15. O-O-O
{[%clk 1:05:30]} a6 {[%clk 1:14:21]} 16. Rhe1 {[%clk 1:01:14]} Qc7
{[%clk 1:08:12]} 17. Kb1 {[%clk 0:54:42]} Rc8 {[%clk 0:51:24]} 18. Bb3
{[%clk 0:48:54]} b5 {[%clk 0:47:03]} 19. h3 {[%clk 0:38:33]} gxh3
{[%clk 0:40:11]} 20. gxh3 {[%clk 0:35:33]} Qb6 {[%clk 0:35:50]} 21. Nf3
{[%clk 0:31:00]} Bf5+ {[%clk 0:28:49]} 22. Ka1 {[%clk 0:31:19]} e6
{[%clk 0:28:06]} 23. Ne5 {[%clk 0:29:47]} Rxh3 {[%clk 0:21:01]} 24. Nd5
{[%clk 0:15:29]} Nxd5 {[%clk 0:20:54]} 25. Rxd5 {[%clk 0:15:00]} Rxb3
{[%clk 0:15:59]} 26. Nd7 {[%clk 0:13:48]} Qa5 {[%clk 0:16:16]} 27. Rxf5
{[%clk 0:12:17]} Rxb2 {[%clk 0:15:29]} 28. Kxb2 {[%clk 0:06:15]} Ba3+
{[%clk 0:15:51]} 0-1